| 000 | 00637nas a2200229 4500 | ||
|---|---|---|---|
| 001 | BR8001646 | ||
| 003 | BR-BrBNA | ||
| 005 | 20231205084243.0 | ||
| 007 | ta | ||
| 008 | 230509b bl.|||p| |||| 00| 00por d | ||
| 040 |
_aBR-BrBNA _bpor _cBiblioteca Nacional de Agricultura |
||
| 041 | _a(Pt) | ||
| 072 | _aQ10 | ||
| 100 | 1 | _aFabrello, R. | |
| 245 | 1 | _aComo conservar a qualidade do ovo | |
| 650 | _aTecnologia de alimento | ||
| 650 | _aOvo | ||
| 650 | _aPreservacao de alimento | ||
| 773 | 0 |
_tGranja Avicola (Brazil) _x _g(Mar 1980), (no. 11) p. 6-9 _wBR8001646 |
|
| 909 |
_a202311 _bLúcia _c55 _dLúcia Elande |
||
| 942 |
_2AGRIS _n0 _cANA |
||
| 999 |
_c104057 _d104057 |
||